<?xml version="1.0" encoding="UTF-8"?>
<record
    xmlns:xsi="http://www.w3.org/2001/XMLSchema-instance"
    xsi:schemaLocation="http://www.loc.gov/MARC21/slim http://www.loc.gov/standards/marcxml/schema/MARC21slim.xsd"
    xmlns="http://www.loc.gov/MARC21/slim">

  <leader>01523    a2200205   4500</leader>
  <controlfield tag="001">119656</controlfield>
  <datafield tag="020" ind1=" " ind2=" ">
    <subfield code="a">9788535614091</subfield>
  </datafield>
  <datafield tag="040" ind1=" " ind2=" ">
    <subfield code="c">Escola Canadense de Niteroi</subfield>
  </datafield>
  <datafield tag="090" ind1=" " ind2=" ">
    <subfield code="a">REI-I1</subfield>
  </datafield>
  <datafield tag="100" ind1=" " ind2=" ">
    <subfield code="a">Reis, Lucia</subfield>
  </datafield>
  <datafield tag="245" ind1="1" ind2="0">
    <subfield code="a">Improv&#xE1;veis Amigos</subfield>
  </datafield>
  <datafield tag="260" ind1=" " ind2=" ">
    <subfield code="a">S&#xE3;o Paulo</subfield>
  </datafield>
  <datafield tag="300" ind1=" " ind2=" ">
    <subfield code="a">16 p.</subfield>
    <subfield code="b">il.</subfield>
    <subfield code="c">3 x 0.3 x 15.5 cm</subfield>
  </datafield>
  <datafield tag="362" ind1="0" ind2=" ">
    <subfield code="a">2004</subfield>
  </datafield>
  <datafield tag="490" ind1="0" ind2=" ">
    <subfield code="a">Fazendo Hist&#xF3;ria</subfield>
  </datafield>
  <datafield tag="520" ind1=" " ind2=" ">
    <subfield code="a">Apesar de Improv&#xE1;veis amigos, esta &#xE9; a hist&#xF3;ria da amizade entre quatro animais: um gato, um macaco, um pato e um sapo. Ao estilo dos trava-l&#xED;ngua e lengalengas, o leitor percebe que a raz&#xE3;o da amizade entre eles &#xE9; que um n&#xE3;o se alimenta do outro, dentro da cadeia alimentar e, por isso, "tinham tempo para cultivar a amizade". Tudo vai muito bem, at&#xE9; que surge o cachorro e p&#xF5;e em perigo a integridade f&#xED;sica do gato. N&#xE3;o porque cachorros comem gatos, mas porque simplesmente se divertem em persegu&#xED;-los. Os outros tr&#xEA;s amigos se juntam para socorrer o gato: " o pato bicou, o sapo beliscou e o macaco espantou o cachorro". Em seguida, &#xE0; maneira das hist&#xF3;rias de repeti&#xE7;&#xE3;o, a autora introduz outros animais carn&#xED;voros: a raposa que come pato, a cobra que come sapo e o homem, que &#xE9; o mais predador de todos os animais. O pato e o sapo foram salvos pelos amigos, mas ningu&#xE9;m conseguia vencer o homem. S&#xF3; depois de os quatro amigos se sentarem com o homem e conversarem por um longo tempo, &#xE9; que eles se entendem e todos passam a ser amigos.</subfield>
  </datafield>
  <datafield tag="650" ind1=" " ind2="4">
    <subfield code="a">Literatura Infantil</subfield>
  </datafield>
  <datafield tag="650" ind1=" " ind2="4">
    <subfield code="a">Amizade</subfield>
  </datafield>
  <datafield tag="942" ind1=" " ind2=" ">
    <subfield code="c">BK</subfield>
  </datafield>
  <datafield tag="952" ind1=" " ind2=" ">
    <subfield code="0">0</subfield>
    <subfield code="1">0</subfield>
    <subfield code="4">0</subfield>
    <subfield code="7">0</subfield>
    <subfield code="a">80.1</subfield>
    <subfield code="b">80.1</subfield>
    <subfield code="d">2024-02-09</subfield>
    <subfield code="l">0</subfield>
    <subfield code="o">REI-I1</subfield>
    <subfield code="p">A07545</subfield>
    <subfield code="r">2024-02-09 21:15:18</subfield>
    <subfield code="w">2024-02-09</subfield>
    <subfield code="y">BK</subfield>
  </datafield>
  <datafield tag="999" ind1=" " ind2=" ">
    <subfield code="c">119656</subfield>
    <subfield code="d">119656</subfield>
  </datafield>
</record>
